Gaming Quiz

Random Gaming or Pokémon Quiz

Pokemon Special Attack Moves Quiz Stats

 Plays Quiz not verified by Sporcle

Score 0/108 Timer 17:00
0 Plays Today
Move Type Move Name % Correct
ElectricThunder
98.2%
ElectricThunderbolt
97.3%
IceIce Beam
97.3%
PsychicPsychic
96.4%
FireFire Blast
95%
ElectricThundershock
94.6%
FireEmber
94.6%
FireFlamethrower
94.6%
GhostShadow Ball
93.7%
IceBlizzard
93.2%
PoisonSludge
93.2%
PsychicPsybeam
93.2%
WaterBubble
92.3%
WaterHydro Pump
92.3%
DarkDark Pulse
91.9%
NormalHyper Beam
91.9%
WaterBubblebeam
91.9%
WaterSurf
91.4%
DragonDragon Pulse
91%
BugBug Buzz
90.5%
PoisonSludge Bomb
90.5%
WaterWater Gun
90.5%
DragonDraco Meteor
89.2%
PsychicConfusion
89.2%
WaterHydro Cannon
89.2%
DragonDragonbreath
88.7%
FireFire Spin
88.7%
PsychicPsywave
88.7%
FightingAura Sphere
88.3%
FightingFocus Blast
88.3%
GrassGiga Drain
87.8%
GrassMega Drain
87.4%
GrassSolarbeam
87.4%
DragonDragon Rage
86.9%
IceAurora Beam
86.9%
GrassAbsorb
86%
Move Type Move Name % Correct
GroundEarth Power
86%
WaterWater Pulse
86%
DragonTwister
85.6%
SteelFlash Cannon
85.6%
ElectricShock Wave
85.1%
FireBlast Burn
84.2%
RockAncientpower
84.2%
WaterWhirlpool
84.2%
FireEruption
83.8%
ElectricZap Cannon
83.3%
BugSilver Wind
82.9%
GrassFrenzy Plant
82.4%
FlyingAir Slash
82%
GhostNight Shade
82%
GroundMud Shot
82%
FireOverheat
81.5%
FlyingAeroblast
81.5%
FlyingAir Cutter
81.5%
IceIcy Wind
81.5%
ElectricDischarge
80.6%
FireHeat Wave
80.6%
GrassEnergy Ball
80.6%
DragonRoar of Time
80.2%
FlyingGust
80.2%
ElectricCharge Beam
78.8%
GroundMud-Slap
78.8%
PoisonAcid
78.4%
BugSignal Beam
77.9%
GrassLeaf Storm
77.9%
WaterWater Spout
77.9%
GroundMud Bomb
77.5%
DragonSpacial Rend
77%
RockPower Gem
77%
FireLava Plume
76.6%
FireMagma Storm
76.1%
FightingVacuum Wave
75.7%
Move Type Move Name % Correct
IcePowder Snow
74.8%
IceSheer Cold
74.8%
PsychicDream Eater
74.8%
WaterMuddy Water
74.8%
PsychicPsycho Boost
74.3%
GrassPetal Dance
73.4%
NormalHyper Voice
73.4%
GrassGrass Knot
72.1%
GrassMagical Leaf
71.6%
SteelMirror Shot
71.6%
PoisonSmog
71.2%
GhostOminous Wind
70.7%
WaterBrine
70.3%
SteelDoom Desire
69.4%
PsychicExtrasensory
68.9%
PsychicFuture Sight
68.9%
GrassSeed Flare
68.5%
NormalUproar
68%
NormalHidden Power
65.8%
NormalSwift
65.3%
NormalTri Attack
64.4%
GhostNightmare
63.5%
WaterOctazooka
63.5%
FlyingChatter
63.1%
PsychicMist Ball
61.7%
NormalSonicboom
60.4%
PsychicLuster Purge
59.9%
NormalJudgment
59.5%
PsychicMirror Coat
58.6%
NormalWeather Ball
58.1%
NormalRazor Wind
56.8%
NormalSnore
55.9%
NormalWring Out
50.9%
NormalTrump Card
47.7%
NormalSpit Up
46.8%
NormalSmellingsalt
37.4%

You're not logged in!

Compare scores with friends on all Sporcle quizzes.
OR
Log In

Show Comments

Extras

Created Nov 24, 2010ReportNominate
Tags:Pokémon Quiz, attack, special

Top Quizzes Today


Score Distribution

Your Account Isn't Verified!

In order to create a playlist on Sporcle, you need to verify the email address you used during registration. Go to your Sporcle Settings to finish the process.

Report this User

Report this user for behavior that violates our Community Guidelines.

Details: